000 01008nam0a22002531 4500
001 rc\4032599
005 20130415133648.9
021 _aRU
_b[52-36062]
035 _a(NLR Aleph) 008093319
090 _a9197601
_c9197601
100 _a20130415d1952 |||y0rusy50 ca
101 0 _arus
102 _aRU
105 _aa z |||||
200 1 _aСхемы питания и УБС передатчиков
_e(Пособие для курсового проектирования)
_fМ-во высш. образования СССР. Моск. ордена Ленина энергет. ин-т им. В.М. Молотова. Кафедра радиопередающих устройств
210 _aМосква
_cБ. и.
_d1952
215 _a63 с.
_cчерт.
_d22
606 _aРадиопередатчики
_2psbo
700 1 _aКунина
_bС. Л.
_gСофья Лазаревна
801 0 _aRU
_bNLR
_gpsbo
801 1 _aRU
_bELAR
_2rusmarc
852 _aNLR
_jТ94 Г-6/263
942 _cBOOK
980 _aNB